Statistics for US City Flags, Pt. 5

Click here to take the quiz!

General Stats

  • This quiz has been taken 10 times
  • The average score is 9 of 20

Answer Stats

Answer% Correct
Ann Arbor
80%
Lansing
80%
Topeka
80%
Columbia
60%
Edina
60%
Oakland
60%
Orlando
60%
Annapolis
40%
Asheville
40%
Chandler
40%
Coeur d'Alene
40%
Florissant
40%
International Falls
40%
Kent
40%
North Las Vegas
40%
Port Angeles
40%
Winslow
40%
Fayetteville
20%
Grand Rapids
20%
Ogden
20%

Score Distribution

Percentile by Number Answered

Percent of People with Each Score

Your Score History

You have not taken this quiz